000 00560nam a2200217Ia 4500
003 OSt
005 20220928145332.0
006 a|||||r|||| 00| 0
007 ta
008 220927b |||||||| |||| 00| 0 eng d
024 _a80276
037 _cTextual
040 _aSDCL
_cSDCL
_beng
041 _2eng
_aeng
082 _aYX.2'N8, M5
100 _aChowdhry D Paul
_9411748
245 0 _aPeofile of social welfare and development in India
260 _c1985
942 _hYX.2'N8, M5
_cTEXL
_2CC
999 _c833315
_d833315